| 000 | 02187njm a2200565 i 4500 | ||
|---|---|---|---|
| 001 | 34980 | ||
| 003 | KOSZ 005 | ||
| 005 | 20220822090008.0 | ||
| 007 | sd fsngnnmmned | ||
| 008 | 061010s2005 pl munn i 000 0 d | ||
| 020 | _a8360004315 | ||
| 020 | _a8360004064 | ||
| 040 |
_cKOSZ 005 _aKOSZ 005 _dKOSZ 005/AR |
||
| 041 | 0 | _apol | |
| 046 | _k2005 | ||
| 080 | _a785(47+57) | ||
| 080 | _a(086.7) | ||
| 100 | 1 |
_aRimski-Korsakow, Nikołaj _d(1844-1908) _eKompozytor |
|
| 245 | 1 | 0 |
_aRimski-Korsakow / _cNikołaj Rimski-Korsakow. |
| 260 |
_aWarszawa : _bMediasat Poland, _c2005. |
||
| 300 |
_a1 płyta CD (72 min 50 s) : _bzapis cyfrowy, stereo ; _c12 cm + _e1 dodatek : 43 strony : ilustracje ; 13 cm x 14 cm. |
||
| 336 |
_2rdacontent _aNagranie muzyczne _bprm |
||
| 336 |
_2rdacontent _3Dodatek _aTekst _btxt |
||
| 337 |
_2rdamedia _aAudio _bs |
||
| 337 |
_2rdamedia _aKomputer _bc |
||
| 337 |
_2rdamedia _3Dodatek _aBez urządzenia pośredniczącego _bn |
||
| 338 |
_2rdacarrier _aPłyta audio _bd |
||
| 338 |
_2rdacarrier _3Dodatek _aWolumin _bc |
||
| 380 | _aMuzyka | ||
| 388 | _a1801-1900 | ||
| 490 | 1 |
_aBiblioteka Gazety Wyborczej. Wielcy Kompozytorzy ; _v25 |
|
| 500 | _aTekst komentarza: Wojciech Marchwica. | ||
| 500 | _aWykonanie: Royal Philharmonic Orchestra ; Barry Wordsworth, dyrygent. | ||
| 500 | _aNagranie: Kościół Wszystkich Świętych, Petersham, Surrey, październik 1993 rok. | ||
| 505 | _aSzecherezada - suita symfoniczna op. 35, Kaprys hiszpański op. 34. | ||
| 600 | 1 | 7 |
_aRimski-Korsakow, Nikołaj _d(1844-1908) |
| 648 | _a1801-1900 | ||
| 650 | 9 | _aKompozytorzy rosyjscy | |
| 655 | 7 | _aDokumenty dźwiękowe | |
| 655 | 7 | _aEtiuda (utwór muzyczny) | |
| 655 | 7 | _aMuzyka instrumentalna | |
| 655 | 7 | _aMuzyka na orkiestrę | |
| 655 | 7 | _aMuzyka poważna | |
| 655 | 7 | _aSuita | |
| 700 | 1 |
_aMarchwica, Wojciech Maria _eTekst _d(1958- ) |
|
| 700 | 1 |
_aWordsworth, Barry _eDyrygent _d(1948- ) |
|
| 710 | 0 |
_aRoyal Philharmonic Orchestra (Londyn) _eWykonanie |
|
| 830 | 0 |
_aBiblioteka Gazety Wyborczej. _pWielcy Kompozytorzy _v25 |
|
| 942 |
_cCD _2UKD |
||
| 999 |
_c34980 _d34980 |
||